Statistics for Bible - Book of Deuteronomy Trivia

Click here to take the quiz!

General Stats

  • This quiz has been taken 30 times
  • The average score is 11 of 20

Answer Stats

Hint Answer % Correct
Who was allowed to view, but not enter, the land of Canaan?Moses
97%
Israel is a land flowing with milk and _____Honey
97%
Which river do the Israelites have to cross to enter Canaan?Jordan
93%
God promised the land of Israel to the Israelites' ancestors, Abraham, _____, and JacobIsaac
93%
What is the minimum amount of witnesses needed to convict someone of a crime?Two
86%
God does not want the Israelites to worship other gods because he is a _______ godJealous
86%
If a woman is widowed, who must marry her?Her husband's brother
72%
What is the name for the tenth of what the fields produce, which the Israelites must eat in the presence of the Lord?Tithe
69%
The Israelites must leave the gleanings of their harvests for the fatherless, the foreigner, and the _____Widow
66%
Joshua is the son of who?Nun
66%
What must an Israelite not charge another Israelite?Interest
62%
Which kind of pole, left from the nations before them, does God want the Israelites to burn?Asherah
38%
The Israelites grieved for Moses in the plains of ____Moab
34%
If a servant does not want to leave a family and wants to be a servant for life, their earlobe must be pierced with what?Awl
31%
If a dead body is found and there are no suspects, the elders of the nearest town must break the neck of a ______Heifer
21%
On which mountain does Moses die?Mount Nebo
21%
The Israelites are to proclaim the blessings on Mount Gerizim and the curses on Mount ____Ebal
17%
Who is the king of Heshbon?Sihon
10%
Where do the descendants of Esau live?Seir
7%
The twelve Israelite men, one from each tribe, explored the valley of ______Eshkol
3%

Score Distribution

Percentile by Number Answered

Percent of People with Each Score

Your Score History

You have not taken this quiz